|
|
|
|
| LEADER |
00000nab a2200000 a 4500 |
| 001 |
vtls000863445 |
| 003 |
SK-MaSNL |
| 005 |
20260319075118.0 |
| 008 |
160314c2004 xo 0 hun |
| 015 |
|
|
|a SNBRB2004/02-06169
|
| 035 |
|
|
|a CLN000215006
|
| 040 |
|
|
|a SNKBUCL
|b slo
|c SNKBUCL
|e AACR2
|
| 041 |
0 |
|
|a slo
|
| 044 |
|
|
|a xo
|c SK
|
| 080 |
|
|
|a 82.09:821.511.141 (437.6)-93=511.141(048)
|2 UDC-MRF-SK2
|
| 080 |
|
|
|a 821.511.141 (437.6)-3(0.053.2)=511.141(048)
|2 UDC-MRF-SK2
|
| 080 |
|
|
|a 821.511.141 (437.6)-93=511.141(048)
|2 UDC-MRF-SK2
|
| 100 |
1 |
|
|a Hajtman, Béla,
|d 1966-
|4 aut
|9 90205
|
| 245 |
1 |
0 |
|a Kincső és a többiek
|c Hajtman Béla
|
| 300 |
|
|
|b Fotogr.
|
| 650 |
0 |
7 |
|a autorské rozprávky, maďarské
|x recenzie
|2 snkbucl
|9 14011
|
| 773 |
0 |
|
|t Új szó
|g Roč. 57, č. 7 (10.1.2004)
|
| 773 |
0 |
|
|t [Príl.] Családi kör
|g Roč. 8, č. 2 (2004), s. 12
|
| 787 |
0 |
8 |
|i Rec.:
|a Hetényi, Andrea
|t Kincső kalandjai
|d Losonc : Plectrum, 2003
|z 8096880624
|
| 850 |
|
|
|a Slovenská národná knižnica v Martine
|
| 852 |
|
|
|a SNK
|b KIS3GCP
|
| 958 |
|
|
|a SK
|
| 958 |
|
|
|a LX
|
| 958 |
|
|
|a HU
|
| 958 |
|
|
|a DB
|
| 958 |
|
|
|a RC
|
| 958 |
|
|
|a RBX
|
| 999 |
|
|
|c 1376916
|d 1378846
|